| 000 | 00497nam a22001817a 4500 | ||
|---|---|---|---|
| 020 | _a9789871990283 | ||
| 080 | _a341 (82) G 16 | ||
| 100 | _aGaraguso, Horacio Pablo | ||
| 245 | _aUna Mirada sobre la Criis d la Deuda Pùblica en la Repùblica Argentina | ||
| 260 |
_aMar del Plata _bSuàrez _c2014 |
||
| 300 |
_a104 P. _c21 X 15 Cm. |
||
| 650 | _xdeuda externa | ||
| 650 | _xdoctrina Calvo | ||
| 650 | _xdoctrina Drago | ||
| 650 | _xjurisprudencia | ||
| 945 |
_acd _d2015-08-26 |
||
| 999 |
_c4137 _d234641 |
||
| 942 | _6_ | ||